| 000 | 01095cam a2200289 i 4500 | ||
|---|---|---|---|
| 001 | 17618491 | ||
| 005 | 20150113155831.0 | ||
| 008 | 130208s2013 xxkadk frbd f001 0 eng d | ||
| 010 | _a2012042718 | ||
| 020 | _a9781107021020 (hardback) | ||
| 040 |
_aDLC _beng _cDLC _dDLC _dEG-ScBUE |
||
| 082 | 0 | 0 |
_a610.285468 _222 _bGUP |
| 100 | 1 |
_aGupta, Sandeep K. S., _d1966- _937140 |
|
| 245 | 1 | 0 |
_aBody area networks : _bsafety, security, and sustainability / _cSandeep K.S. Gupta, Tridib Mukherjee, Krishna Kumar Venkatasubramanian. |
| 260 |
_aCambridge, United Kingdom ; _aNew York, United States : _bCambridge University Press, _c2013. |
||
| 300 |
_axvi, 141 p. : _bcharts, forms, tables ; _c26 cm. |
||
| 500 | _aGlossary : p. 121-126. | ||
| 500 | _aIndex : p. 138-141. | ||
| 500 | _aInclude appendixes. | ||
| 504 | _aBibliography : p. 128-137. | ||
| 650 | 0 |
_aBody area networks (Electronics) _937141 |
|
| 653 |
_bENGELC _cJanuary2015 |
||
| 655 |
_vreading book _934232 |
||
| 700 | 1 |
_aMukherjee, Tridib _937142 |
|
| 700 | 1 |
_aVenkatasubramanian, Krishna Kumar _937143 |
|
| 942 |
_2ddc _k610.285468 GUP |
||
| 999 |
_c18868 _d18840 |
||